|
|
|
|
| LEADER |
00000cas a2200000 a 4500 |
| 001 |
vtls010201463 |
| 003 |
SK-MaSNL |
| 005 |
20260228161149.0 |
| 008 |
110105d20112011xo mr|p 0 b0slo c |
| 022 |
|
|
|a 1337-6438
|
| 040 |
|
|
|a SVKBB
|b slo
|c SVKBB
|d SAVUK
|d SNK
|e AACR2
|
| 041 |
0 |
|
|a slo
|
| 044 |
|
|
|a xo
|c SK
|
| 072 |
|
7 |
|a 004.3
|x Počítače. Hardvér
|2 konspekt
|
| 072 |
|
7 |
|a 004.4/.6
|x Programovanie. Softvér
|2 konspekt
|
| 080 |
|
|
|a 004.3
|2 2001
|
| 080 |
|
|
|a 050
|2 2001
|
| 080 |
|
|
|a 004.4
|2 2001
|
| 080 |
|
|
|a 004.946
|2 2001
|
| 080 |
|
|
|a 654.1
|2 2001
|
| 210 |
0 |
|
|a Escape
|b (Bratisl.)
|
| 222 |
|
0 |
|a Escape
|b (Bratislava)
|
| 245 |
0 |
0 |
|a Escape
|b hardvér a multimédia
|
| 260 |
|
|
|a Bratislava
|b PC Space
|c 2011
|
| 300 |
|
|
|a 1 zv.
|c 30 cm
|
| 310 |
|
|
|a 1x mesačne
|b 2011
|
| 362 |
0 |
|
|a Č. 1 (2011)-č. 6 (2011)
|
| 500 |
|
|
|a Od r. 2011 je nasledovníkom časopisu PC Space
|
| 500 |
|
|
|a Od č. 11/2007 do č. 12/2010 vychádzal ako pravidelná niekoľkostranová rubrika časopisu PC Space
|
| 500 |
|
|
|a Od júla 2011 pokračuje vydávanie časopisu na internete
|
| 500 |
|
|
|a Zmena podnázvu od č. 3/2011: hardvér, multimédia a zábava
|
| 500 |
|
|
|a Šéfredaktor: 2011, Matúš Paculík
|
| 650 |
0 |
7 |
|a hardvér
|2 SNKPH
|9 1221
|
| 650 |
0 |
7 |
|a multimédiá
|2 SNKPH
|9 2022
|
| 650 |
0 |
7 |
|a softvér
|2 SNKPH
|9 1223
|
| 650 |
0 |
7 |
|a počítačové hry
|2 SNKPH
|9 1855
|
| 650 |
0 |
7 |
|a notebooky
|2 SNKPH
|9 963
|
| 655 |
|
7 |
|a špecializované časopisy
|2 SNKPH
|9 70509
|
| 700 |
1 |
|
|a Paculík, Matúš
|4 pbd
|9 268116
|
| 780 |
0 |
5 |
|t PC Space
|x 1335-0849
|w vtls001466751
|
| 852 |
|
|
|a Štátna vedecká knižnica v Banskej Bystrici
|
| 856 |
4 |
|
|u http://www.pcspace.sk
|
| 910 |
|
|
|a savuk
|
| 910 |
|
|
|a snk
|
| 916 |
|
|
|a 2011
|
| 958 |
|
|
|a OND
|
| 999 |
|
|
|c 4529
|d 6459
|
| 952 |
|
|
|0 0
|1 0
|4 0
|7 0
|8 0
|a SNK
|b SNK
|d 2014-12-18
|i snk2014/28235
|l 0
|o snkČSB 5940/2011 D1
|p 17A1089630
|r 2026-02-21 20:43:03
|t č. 1-6
|w 2026-02-21
|y PREZ
|
| 952 |
|
|
|0 0
|1 0
|4 0
|7 0
|8 0
|a SNK
|b SNK
|d 2014-12-18
|f 1
|i snk2014/28236
|l 0
|o snkČSB 5940/2011
|p 17A1089629
|r 2026-02-21 20:43:03
|t č. 1-6
|w 2026-02-21
|y PREZ
|